Tous les vainqueurs de coupe du monde #1 : Football - Statistiques

Statistiques générales
  • Ce quiz a été pris 266 fois
  • Le résultat moyen est 8 sur 8
Statistiques - réponses
Victoires Pays % Correct
5 Brésil
100%
2 France
99%
4 Allemagne
98%
3 Argentine
98%
4 Italie
97%
1 Espagne
96%
2 Uruguay
91%
1 Angleterre
86%
Aucun quiz correspondant
Distribution des résultats
% des personnes avec chaque résultat
Percentile par nombre de réponses
Votre historique - résultats
Vous n’avez pas pris ce quiz